[Event "Ruhrgebiet Verbandsliga Gruppe 2 1718"]
[Site "Germany"]
[Date "2018.03.18"]
[Round "8.1"]
[White "Quast, Marcel"]
[Black "Prass, Marian"]
[Result "1/2-1/2"]
[WhiteElo "2206"]
[BlackElo "2012"]
[PlyCount "69"]
[EventDate "2017.09.17"]
[EventType "team-tourn"]
[EventRounds "9"]
[EventCountry "GER"]
[SourceTitle "EXT 2022"]
[Source "ChessBase"]
[SourceDate "2021.10.06"]
[SourceVersion "1"]
[SourceVersionDate "2021.10.06"]
[SourceQuality "1"]
[WhiteTeam "Gerthe Werne"]
[BlackTeam "Altenessen"]
[WhiteTeamCountry "GER"]
[BlackTeamCountry "GER"]

1. e4 c5 2. d4 cxd4 3. c3 d3 4. Bxd3 Nc6 5. Nf3 d6 6. h3 Nf6 7. c4 g6 8. Nc3 Bg7 9. 0-0 0-0 10. Be3 b6 11. Rc1 Bb7 12. Qd2 Re8 13. b3 Rc8 14. Nd4 Ne5 15. Bb1 Qc7 16. Nd5 Qb8 17. Bh6 Bh8 18. Bg5 Ned7 19. f4 a6 20. Qf2 b5 21. f5 bxc4 22. bxc4 Bxd5 23. exd5 Ne5 24. Qe2 Qb4 25. Bd3 Qa3 26. Rfd1 Nfd7 27. Be3 Nc5 28. Bb1 Rb8 29. Kh1 Rb2 30. Nc2 Qa4 31. Bd4 Qxc4 32. Qxc4 Nxc4 33. Ne3 Nxe3 34. Bxe3 Na4 35. Bd2 1/2-1/2

[Event "Ruhrgebiet Verbandsklasse Gruppe 1 1617"]
[Site "Germany"]
[Date "2017.04.30"]
[Round "9.1"]
[White "Freisen, Thomas"]
[Black "Prass, Marian"]
[Result "1/2-1/2"]
[WhiteElo "1947"]
[BlackElo "2049"]
[PlyCount "21"]
[EventDate "2016.09.04"]
[EventType "team-tourn"]
[EventRounds "9"]
[EventCountry "GER"]
[SourceTitle "EXT 2022"]
[Source "ChessBase"]
[SourceDate "2021.10.06"]
[SourceVersion "1"]
[SourceVersionDate "2021.10.06"]
[SourceQuality "1"]
[WhiteTeam "Guennigfeld SV"]
[BlackTeam "Altenessen"]
[WhiteTeamCountry "GER"]
[BlackTeamCountry "GER"]

1. d4 d5 2. c4 c6 3. cxd5 cxd5 4. Nf3 Nf6 5. Nc3 Nc6 6. Bf4 a6 7. e3 e6 8. Rc1 Bd6 9. Bxd6 Qxd6 10. Bd3 0-0 11. 0-0 1/2-1/2

[Event "Ruhrgebiet Verbandsklasse Gruppe 3 1516"]
[Site "Germany"]
[Date "2016.02.21"]
[Round "7.1"]
[White "Reinoehl, Christian"]
[Black "Prass, Marian"]
[Result "1/2-1/2"]
[WhiteElo "2061"]
[BlackElo "2033"]
[PlyCount "84"]
[EventDate "2015.09.06"]
[EventType "team-tourn"]
[EventRounds "9"]
[EventCountry "GER"]
[SourceTitle "EXT 2022"]
[Source "ChessBase"]
[SourceDate "2021.10.06"]
[SourceVersion "1"]
[SourceVersionDate "2021.10.06"]
[SourceQuality "1"]
[WhiteTeam "Annen Sport Union"]
[BlackTeam "Altenessen"]
[WhiteTeamCountry "GER"]
[BlackTeamCountry "GER"]

1. c4 Nf6 2. Nc3 d5 3. cxd5 Nxd5 4. g3 Nxc3 5. bxc3 e5 6. Bg2 Nd7 7. Rb1 c6 8. d3 Be7 9. Nf3 0-0 10. 0-0 Qc7 11. Nd2 Nf6 12. c4 Bf5 13. Qb3 b6 14. a4 Rab8 15. Ba3 c5 16. Bb2 Rfe8 17. h3 Bd6 18. Ra1 Bd7 19. Qc2 Bc6 20. Bxc6 Qxc6 21. e4 a6 22. f4 Nh5 23. Rf3 exf4 24. g4 Ng3 25. Nb1 b5 26. cxb5 axb5 27. Nc3 bxa4 28. Nxa4 Qb7 29. Kg2 Qb3 30. Rc1 Rb4 31. Qxb3 Rxb3 32. Rc2 f6 33. Bc1 g5 34. Nc3 Be5 35. Nd5 Bd4 36. Nxf4 gxf4 37. Bxf4 Nf1 38. Kxf1 Rxe4 39. Kg2 Re1 40. Rc1 Re2+ 41. Kg3 Kg7 42. Bd6 Rb5 1/2-1/2

[Event "Ruhrgebiet Verbandsliga Gruppe 2 1415"]
[Site "Germany"]
[Date "2014.09.21"]
[Round "1.1"]
[White "Prass, Marian"]
[Black "Roth, Markus"]
[Result "1/2-1/2"]
[WhiteElo "1994"]
[BlackElo "2146"]
[PlyCount "81"]
[EventDate "2014.09.21"]
[EventType "team-tourn"]
[EventRounds "9"]
[EventCountry "GER"]
[SourceTitle "EXT 2022"]
[Source "ChessBase"]
[SourceDate "2021.10.06"]
[SourceVersion "1"]
[SourceVersionDate "2021.10.06"]
[SourceQuality "1"]
[WhiteTeam "Altenessen"]
[BlackTeam "Essen Werden"]
[WhiteTeamCountry "GER"]
[BlackTeamCountry "GER"]

1. e4 e6 2. d4 d5 3. Nc3 Nf6 4. Bg5 dxe4 5. Nxe4 Be7 6. Bxf6 Bxf6 7. Nf3 Nd7 8. Bd3 c5 9. c3 cxd4 10. Nxf6+ Qxf6 11. cxd4 0-0 12. 0-0 b6 13. Be4 Rb8 14. Qa4 a6 15. Qc2 g6 16. Qc7 Qd8 17. Rac1 b5 18. Ne5 Qxc7 19. Rxc7 Nxe5 20. dxe5 Rd8 21. Rfc1 g5 22. f3 b4 23. Ra7 Bd7 24. Rcc7 Be8 25. Rxa6 Rd1+ 26. Kf2 Rd2+ 27. Kg3 Rxb2 28. Rc2 Rxc2 29. Bxc2 Bb5 30. Ra7 Bc4 31. Kg4 h6 32. h4 gxh4 33. Kxh4 Bd5 34. Kh5 Kg7 35. Bb3 Rb5 36. f4 Rc5 37. Bxd5 Rxd5 38. Ra4 Rd2 39. g3 Rg2 40. Kh4 Kg6 41. Rxb4 1/2-1/2

[Event "Ruhrgebiet VK1 1213"]
[Site "Nordrheinwestfalen"]
[Date "2013.02.03"]
[Round "6"]
[White "Prass, Marian"]
[Black "Schreiber, Alfred"]
[Result "1-0"]
[WhiteElo "1903"]
[BlackElo "1776"]
[PlyCount "120"]
[EventDate "2012.09.02"]
[EventType "team-tourn"]
[EventRounds "9"]
[EventCountry "GER"]
[SourceTitle "EXT 2020"]
[Source "ChessBase"]
[SourceDate "2019.10.17"]
[SourceVersion "1"]
[SourceVersionDate "2019.10.17"]
[SourceQuality "1"]
[WhiteTeam "Altenessen"]
[BlackTeam "Werne SK"]
[WhiteTeamCountry "GER"]
[BlackTeamCountry "GER"]

1. e4 c5 2. Nf3 Nc6 3. d4 cxd4 4. Nxd4 g6 5. Nc3 Bg7 6. Be3 Nf6 7. Bc4 Qa5 8. 0-0 0-0 9. a3 d6 10. h3 a6 11. Re1 Qc7 12. Ba2 Nxd4 13. Bxd4 b5 14. Bxf6 exf6 15. Nd5 Qd8 16. Qf3 Be6 17. Rad1 Re8 18. Bb3 Rc8 19. c3 f5 20. exf5 Bxf5 21. Rxe8+ Qxe8 22. Ne3 Be6 23. Bd5 Rc5 24. Bxe6 Qxe6 25. Qa8+ Qc8 26. Qxc8+ Rxc8 27. Rxd6 a5 28. Rb6 Rc5 29. Rb8+ Bf8 30. Nc2 Kg7 31. Nd4 b4 32. axb4 axb4 33. Rxb4 Ra5 34. Rb7 Ra1+ 35. Kh2 Bd6+ 36. g3 Rc1 37. Kg2 Kf6 38. Rb6 Ke7 39. Rb7+ Kf6 40. Rd7 Be5 41. Kf3 g5 42. Nc6 Bxc3 43. Rd6+ Kg7 44. bxc3 Rxc3+ 45. Kg4 f6 46. Ne7 Rc2 47. f4 gxf4 48. Nf5+ Kf7 49. Kxf4 Rh2 50. Rd7+ Ke6 51. Re7+ Kd5 52. Rxh7 Rb2 53. Re7 Rb4+ 54. Kf3 Rb1 55. h4 Rb3+ 56. Kg4 Rb4+ 57. Kh5 Rb8 58. Kg6 Rb6 59. h5 Rb4 60. h6 Rb1 1-0

[Event "Ruhrgebiet VK1 1213"]
[Site "Nordrheinwestfalen"]
[Date "2012.09.30"]
[Round "2"]
[White "Prass, Marian"]
[Black "Dewald, Christian"]
[Result "1-0"]
[WhiteElo "1903"]
[BlackElo "1873"]
[PlyCount "82"]
[EventDate "2012.09.02"]
[EventType "team-tourn"]
[EventRounds "9"]
[EventCountry "GER"]
[SourceTitle "EXT 2020"]
[Source "ChessBase"]
[SourceDate "2019.10.17"]
[SourceVersion "1"]
[SourceVersionDate "2019.10.17"]
[SourceQuality "1"]
[WhiteTeam "Altenessen"]
[BlackTeam "Buer Hassel"]
[WhiteTeamCountry "GER"]
[BlackTeamCountry "GER"]

1. Nf3 Nf6 2. g3 g6 3. c4 Bg7 4. Nc3 0-0 5. Bg2 d6 6. d4 Nbd7 7. 0-0 e5 8. h3 a6 9. dxe5 Nxe5 10. Nxe5 dxe5 11. Qc2 c5 12. Rd1 Qc7 13. Bg5 Be6 14. Nd5 Nxd5 15. cxd5 Bf5 16. e4 Bd7 17. Rac1 Rfc8 18. Qd2 Qd6 19. Be3 a5 20. f4 a4 21. Qf2 b6 22. f5 Rab8 23. g4 f6 24. h4 h6 25. fxg6 Bxg4 26. Rf1 Rf8 27. Qg3 f5 28. exf5 Bxf5 29. h5 Rbd8 30. Rcd1 e4 31. Bf4 Qd7 32. b3 axb3 33. axb3 b5 34. Be5 c4 35. bxc4 bxc4 36. Qc3 Bxe5 37. Qxe5 Rde8 38. Qd4 e3 39. Rde1 Re4 40. Bxe4 Bxe4 41. Rxf8+ Kxf8 1-0

[Event "Ruhrgebiet VK2 1112"]
[Site "Nordrheinwestfalen"]
[Date "2011.11.13"]
[Round "3.4"]
[White "Kamper, Marco"]
[Black "Prass, Marian"]
[Result "1-0"]
[WhiteElo "1753"]
[BlackElo "1896"]
[PlyCount "65"]
[EventDate "2012.09.18"]
[EventType "team-tourn"]
[EventRounds "9"]
[EventCountry "GER"]
[SourceTitle "EXT 2020"]
[Source "ChessBase"]
[SourceDate "2019.10.17"]
[SourceVersion "1"]
[SourceVersionDate "2019.10.17"]
[SourceQuality "1"]
[WhiteTeam "Recklinghausen Laeufer Ost II"]
[BlackTeam "Altenessen"]
[WhiteTeamCountry "GER"]
[BlackTeamCountry "GER"]

1. d4 Nf6 2. Bg5 Ne4 3. Bf4 d6 4. f3 Nf6 5. e4 g6 6. Nc3 Bg7 7. Qd2 c6 8. 0-0-0 0-0 9. Bh6 b5 10. Bxg7 Kxg7 11. g4 Qa5 12. Kb1 b4 13. Nce2 Nbd7 14. g5 Ne8 15. f4 Rb8 16. Nf3 Nb6 17. Nc1 Na4 18. Nb3 Qb6 19. h4 Bg4 20. Be2 c5 21. Qd3 Nc7 22. f5 Nb5 23. f6+ exf6 24. gxf6+ Kxf6 25. Rdg1 c4 26. Qe3 Bxf3 27. Qxf3+ Kg7 28. h5 Nxd4 29. h6+ Kg8 30. Qf6 Ne6 31. Bxc4 Rb7 32. Rxg6+ fxg6 33. Bxe6+ 1-0

[Event "Ruhrgebiet VK2-VK3 playoff 0910 "]
[Site "Germany"]
[Date "2010.05.27"]
[Round "1.3"]
[White "Mombeck, Michael"]
[Black "Prass, Marian"]
[Result "1-0"]
[WhiteElo "1989"]
[BlackElo "1909"]
[PlyCount "63"]
[EventDate "2010.05.27"]
[EventType "team-match"]
[EventRounds "1"]
[EventCountry "GER"]
[SourceTitle "EXT 2011"]
[Source "ChessBase"]
[SourceDate "2010.11.26"]
[SourceVersion "1"]
[SourceVersionDate "2010.11.26"]
[SourceQuality "1"]
[WhiteTeam "Bergeborbeck Wacker"]
[BlackTeam "Altenessen"]
[WhiteTeamCountry "GER"]
[BlackTeamCountry "GER"]

1. e4 d6 2. Nc3 Nf6 3. g3 e5 4. Bg2 c6 5. Nf3 Nbd7 6. d4 Be7 7. a4 0-0 8. 0-0 Re8 9. Re1 a5 10. h3 Qc7 11. Be3 Bf8 12. Qd3 exd4 13. Bxd4 Ne5 14. Qd1 Nxf3+ 15. Qxf3 Nd7 16. Rad1 Ne5 17. Qe2 Be6 18. b3 Nd7 19. f4 f6 20. Bf2 f5 21. Qd3 g6 22. exf5 Bxf5 23. Qc4+ Kh8 24. Nd5 Rxe1+ 25. Rxe1 Qd8 26. Bd4+ Bg7 27. Qc3 Ne5 28. fxe5 cxd5 29. exd6 Qb6 30. Bxb6 Bxc3 31. Re7 Bb4 32. Bd4+ 1-0

[Event "Ruhrgebiet VL2 0708"]
[Site "Germany"]
[Date "2008.01.20"]
[Round "5.6"]
[White "Prass, Marian"]
[Black "Schneider, Hans Joachim"]
[Result "0-1"]
[WhiteElo "1926"]
[BlackElo "1856"]
[PlyCount "87"]
[EventDate "2007.09.02"]
[EventType "team"]
[EventRounds "9"]
[EventCountry "GER"]
[SourceTitle "EXT 2009"]
[Source "ChessBase"]
[SourceDate "2008.11.26"]
[SourceVersion "1"]
[SourceVersionDate "2008.11.26"]
[SourceQuality "1"]
[WhiteTeam "Altenessen "]
[BlackTeam "Bottrop"]
[WhiteTeamCountry "GER"]
[BlackTeamCountry "GER"]

1. c4 e5 2. Nc3 Nf6 3. Nf3 Nc6 4. g3 Be7 5. Bg2 0-0 6. 0-0 d6 7. d4 exd4 8. Nxd4 Ne5 9. Qb3 Rb8 10. f4 Ned7 11. Nf5 Nc5 12. Nxe7+ Qxe7 13. Qc2 Re8 14. f5 h6 15. Rf4 Ncd7 16. Bd2 Ne5 17. Nd5 Qd8 18. Qa4 Nc6 19. Nxf6+ Qxf6 20. Bc3 Qe7 21. Bxc6 Qe3+ 22. Rf2 bxc6 23. Qc2 c5 24. Kf1 Bb7 25. f6 g6 26. Rf4 Re6 27. Qc1 Rbe8 28. Qxe3 Rxe3 29. Re1 g5 30. Rf2 c6 31. Rd1 d5 32. Bd2 R3e4 33. cxd5 cxd5 34. e3 Kh7 35. Rc1 c4 36. b3 Ba6 37. bxc4 dxc4 38. Kg1 Kg6 39. Rc2 R8e6 40. Bc3 Rxe3 41. Bd4 Ra3 42. g4 Re4 43. Bc5 Rxg4+ 44. Kh1 0-1

[Event "Werden op"]
[Site "Essen"]
[Date "2005.06.19"]
[Round "7"]
[White "Kunisch, Siegfried"]
[Black "Prass, Marian"]
[Result "0-1"]
[WhiteElo "2105"]
[BlackElo "1964"]
[PlyCount "80"]
[EventDate "2005.05.20"]
[EventType "swiss"]
[EventRounds "7"]
[EventCountry "GER"]
[SourceTitle "EXT 2007"]
[Source "ChessBase"]
[SourceDate "2006.11.23"]
[SourceVersion "1"]
[SourceVersionDate "2006.11.23"]
[SourceQuality "1"]

1. e4 c5 2. g3 Nc6 3. Bg2 g6 4. f4 Bg7 5. Nf3 d6 6. d3 e6 7. Nc3 Nge7 8. 0-0 0-0 9. Be3 Nd4 10. e5 Nef5 11. Bf2 Qb6 12. Rb1 Nxf3+ 13. Bxf3 Nd4 14. Bg2 dxe5 15. fxe5 Bxe5 16. Na4 Qc7 17. c3 Nf5 18. Nxc5 Rb8 19. d4 Bd6 20. Ne4 Be7 21. g4 Nd6 22. Bg3 f5 23. Nc5 Bg5 24. Qb3 Be3+ 25. Kh1 f4 26. Nxe6 Bxe6 27. Qxe6+ Nf7 28. Qxe3 fxg3 29. Qxg3 Qxg3 30. hxg3 Kg7 31. Rbe1 Kh6 32. Re7 Nd6 33. Kg1 Kg5 34. Rxh7 Kxg4 35. Rg7 Kg5 36. Rxf8 Rxf8 37. Rd7 Nf5 38. Bxb7 Kg4 39. Rc7 Ne3 40. Re7 Rf1+ 0-1

[Event "Ruhrgebiet VK1 0405"]
[Site "Ruhrgebiet"]
[Date "2005.03.13"]
[Round "8.2"]
[White "Kuerschners, Stefan"]
[Black "Prass, Marian"]
[Result "0-1"]
[WhiteElo "1942"]
[BlackElo "1917"]
[PlyCount "134"]
[EventDate "2004.09.12"]
[EventType "team"]
[EventRounds "9"]
[EventCountry "GER"]
[SourceTitle "EXT 2006"]
[Source "ChessBase"]
[SourceDate "2005.11.24"]
[SourceVersion "1"]
[SourceVersionDate "2005.11.24"]
[SourceQuality "1"]
[WhiteTeam "Gelsenkirchen II"]
[BlackTeam "Altenessen II"]
[WhiteTeamCountry "GER"]
[BlackTeamCountry "GER"]

1. e4 e6 2. d4 d5 3. Nc3 Nf6 4. Bg5 Bb4 5. e5 h6 6. Bd2 Bxc3 7. bxc3 Ne4 8. Qg4 g6 9. Bd3 Nxd2 10. Kxd2 c5 11. h4 Bd7 12. Qf4 Bc6 13. Rh3 Nd7 14. Rf3 Qe7 15. Rb1 b6 16. Nh3 c4 17. Be2 Rh7 18. Kd1 0-0-0 19. Rg3 Rg8 20. h5 g5 21. Qe3 Rhg7 22. Bg4 Qa3 23. Qc1 Qxc1+ 24. Kxc1 Kd8 25. Re3 Ke7 26. Kd2 Rb8 27. Ng1 b5 28. Ne2 Rb6 29. Rf1 Rb8 30. Ng3 a5 31. a3 Nb6 32. Rb1 Na4 33. Ne2 Rf8 34. Ng3 Nb6 35. Rbe1 Rb8 36. Rf3 Nd7 37. Nf1 Rb7 38. Ng3 Rg8 39. Rfe3 Ra8 40. Ra1 Kf8 41. Ne2 Ke7 42. Ng3 Rbb8 43. Ree1 Nb6 44. Nf1 Na4 45. Ne3 b4 46. cxb4 c3+ 47. Kc1 axb4 48. axb4 Rxb4 49. Bf3 Rxd4 50. Ng4 Rh8 51. g3 Rb4 52. Rb1 Rb2 53. Ra1 Kf8 54. Ra3 Rb4 55. Rb3 Rb5 56. Be2 Rxb3 57. cxb3 Nc5 58. Kc2 d4 59. Bd3 Nd7 60. Be4 Nb8 61. b4 Kg7 62. Bxc6 Nxc6 63. b5 Nb4+ 64. Kb3 Nd5 65. Rd1 Rc8 66. Kc2 Nb4+ 67. Kc1 d3 0-1